=LDR 00000nam 2200000 4500 =001 INLIS000000000013266 =005 20250602023438 =035 ##$$a 0010-061300000013266 =008 250602################g##########0#ind## =041 ##$$a Ind =082 ##$$a 028.5 =090 ##$$a F Rom K, Set m =100 ##$$a Setiawati, Nani =245 1#$$a Menuju jalan terbuka, /$c Nani Setiawati =260 ##$$a Jakarta :$b Bumi Aksara,$c 1999 =300 ##$$a 100 hlm, : $b ilus ; $c 21 x 15 cm =650 #4$$a Fiksi kanak-kanak =850 ##$$a NBPNMAT =020 ##$$a 979-526-465-6 =084 ##$$a 028.5 SET m =990 ##$$a 20404371